|
|
|
|
| LEADER |
01191nam a2200265 u 4500 |
| 001 |
10114717 |
| 003 |
upatras |
| 005 |
20220418125601.0 |
| 008 |
141223s2014 gr gre |
| 952 |
|
|
|0 0
|1 0
|4 0
|6 372_600000000000000_ΑΝΤ
|7 0
|9 172334
|a PTDE
|b PTDE
|d 2016-04-24
|i 11439
|l 0
|o 372.6 ΑΝΤ
|p 025000211228
|r 2016-04-24 00:00:00
|t 1
|w 2016-04-24
|y BK15
|
| 999 |
|
|
|c 107878
|d 107878
|
| 020 |
|
|
|a 9789606652431
|
| 040 |
|
|
|a GR-PaULI
|c GR-PaULI
|b gre
|e AACR2
|
| 041 |
0 |
|
|a gre
|
| 082 |
0 |
4 |
|2 23
|a 372.6
|
| 100 |
1 |
|
|9 142061
|a Αντωνάτου, Μαρία,
|d 1962-
|4 συγγραφέας
|
| 245 |
1 |
0 |
|a Πρώτη ανάγνωση για όλους, με την αφήγηση που μοιάζουν με παραμύθια /
|c Μαρία Αντωνάτου.
|
| 260 |
|
|
|a Αθήνα :
|b Εκδόσεις Παρουσία,
|c 2014.
|
| 300 |
|
|
|a 90 σ. :
|b εικ. ;
|c 24 εκ.
|
| 504 |
|
|
|a Περιέχει βιβλιογραφικές παραπομπές.
|
| 650 |
|
4 |
|a Ανάγνωση (Στοιχειώδης)
|9 102275
|
| 650 |
|
4 |
|a Ανάγνωση
|9 22593
|
| 852 |
|
|
|a GR-PaULI
|b ΠΑΤΡΑ
|b ΠΤΔΕ
|k ΑΣΧΕ
|h 372.6 ΑΝΤ
|m 11439
|p 025000211228
|t 1
|
| 942 |
|
|
|2 ddc
|c BK15
|
| 998 |
|
|
|c ΤΣΕΝΕ
|d 2014-12
|